000 00424nam a2200169Ia 4500
003 OSt
005 20230523141037.0
008 211028s2019 xx 000 0 und d
040 _cAIMIT LIBRARY
041 _aeng
100 _aChaitra, Kumar, Rakesh.
_98834
_e171906
110 _aRakesh Kumar
_98835
245 _aFind your future.
260 _aMangalore
_c2019
710 _aAmitech Solution
_98836
942 _2ddc
_cPRO
999 _c220086
_d220086